00570 2200229 4500001002100000005001500021035002000036008004100056245003800097100001900135250001000154260003600164300002400200020002200224084002000246082001400266650002000280990001000300990001000310990001000320990001000330INLIS00000000001195220260316122913 a0010-0326000028260316 g 1 ind 1 aDekat & Nyaring /cSabda Armandio aSabda Armandio aCet.1 aDepok :bPenerbit Banana,c2019 a110 hlm ;c12x18 cm a978-979-1079-70-4 a899.221 3 SAB d a899.221 3 4aFiksi Indonesia a57965 a57966 a57967 a57968